| 000 | 00577nam a22002177a 4500 | ||
|---|---|---|---|
| 003 | DO-SdBNP | ||
| 005 | 20180117125856.0 | ||
| 008 | 151005b19uu sp 00| 0 spa d | ||
| 020 | _a844020924X | ||
| 040 |
_aBPMSU _bspa _cBPMSU |
||
| 092 |
_axxxx _bxxxx |
||
| 100 | 1 | _aAllan Poe, Edgar | |
| 245 | 1 | 0 |
_aBreve charla con una momia / _cEdgar Allan Poe. |
| 260 |
_aBarcelona : _bLitografía Rosés, _c[19--]. |
||
| 300 |
_a125 p. ; _c18 cm. |
||
| 490 | 1 |
_aEl observador _v35 |
|
| 830 | 0 |
_aEl observador _n35 |
|
| 942 |
_2ddc _cBK |
||
| 945 | _aInventariado, 2018 LP | ||
| 956 |
_aLOPEREZ _b10 |
||
| 999 |
_c8533 _d8533 |
||